MARC

LEADER 00000nam0a2200000 4500
001 282809
005 20231101235532.0
035 |a (RuTPU)RU\TPU\book\306786 
090 |a 282809 
100 |a 20150203d1984 k y0rusy50 ca 
101 0 |a rus 
102 |a RU 
105 |a a z 001zy 
200 1 |a Гидродинамическая и конвективная устойчивость несжимаемой жидкости  |e [сборник статей]  |f Академия наук СССР (АН СССР), Уральский научный центр (УНЦ) 
210 |a Свердловск  |c [Б. и.]  |d 1984 
215 |a 120 с.  |c ил. 
320 |a Библиография в конце статей 
606 1 |a Конвекция  |2 stltpush  |3 (RuTPU)RU\TPU\subj\15246  |9 41504 
606 1 |a Жидкости несжимаемые  |2 stltpush  |3 (RuTPU)RU\TPU\subj\10922  |9 37923 
610 1 |a гидродинамическая устойчивость 
610 1 |a конвективная устойчивость 
610 1 |a проводящие жидкости 
610 1 |a подогрев 
610 1 |a магнитное поле 
610 1 |a бинарные смеси 
610 1 |a конвективное движение 
610 1 |a термодиффузия 
610 1 |a жидкие пленки 
610 1 |a параметрическая неустойчивость 
610 1 |a перистальтические течения 
675 |a 536.25  |v 4 
675 |a 532.5  |v 4 
712 0 2 |a Академия наук СССР (АН СССР)  |b Уральский научный центр (УНЦ)  |2 stltpush  |3 (RuTPU)RU\TPU\col\3284 
801 1 |a RU  |b 63413507  |c 20150203 
801 2 |a RU  |b 63413507  |c 20170811  |g RCR 
942 |c BK